| 000 | 00538nam a22001931a 4500 | ||
|---|---|---|---|
| 003 | OSt | ||
| 005 | 20110718133117.0 | ||
| 008 | 091005s1994 001 0 eng d | ||
| 020 | _c0.00 | ||
| 040 |
_aNEGST Library - Kenya _bDLC _cDLC _dDLC |
||
| 050 | 4 | _aREF BS 325.W33 1994 | |
| 245 | 0 | 0 | _aTaboo caande. |
| 260 |
_bInternational Bible Soci, _cc1994. |
||
| 300 | _a679 p.; | ||
| 500 | _a[Africana] Includes maps. | ||
| 600 | 1 | 0 |
_aWaama language - Bible. _97915 |
| 942 |
_2lcc _cART |
||
| 999 |
_c39880 _d39880 |
||